00387pab a2200133 454500008004000000100001600040245009900056260000900155300001500164362001200179650002700191650001900218773001600237180718b2006 xxu||||| |||| 00| 0 eng d aMarwah, Ved aDemographic imbalance and implications on national security - a management challenge for India c2006 ap.169-202. aApr-Jun aState security - India aState security aUSI Journal